Francisco Ferrer ed il clericalismo (Record no. 72493)

MARC details
000 -LEADER
campo de control de longitud fija 00486nam a2200145 i 4500
001 - NÚMERO DE CONTROL
campo de control 72493
003 - IDENTIFICADOR DE NÚMERO DE CONTROL
campo de control ES-MaACL
005 - FECHA Y HORA DE LA ÚLTIMA TRANSACCIÓN
campo de control 20230906171442.0
007 - CAMPO FIJO DE DESCRIPCIÓN FÍSICA--INFORMACIÓN GENERAL
campo de control de longitud fija t|
008 - DATOS DE LONGITUD FIJA--INFORMACIÓN GENERAL
campo de control de longitud fija 040901s1909 it ||||1| ita d
100 1# - ENTRADA PRINCIPAL--NOMBRE DE PERSONA
Nombre de persona Giretti, Edoardo.
9 (RLIN) 57258
245 10 - MENCIÓN DEL TÍTULO
Título Francisco Ferrer ed il clericalismo
Resto del título : appunti del discorso pronunciato al comicio publico timto á Pinerolo il giomo 17 ottobre 1909 /
Mención de responsabilidad, etc. Edoardo Girettti.
260 ## - PUBLICACIÓN, DISTRIBUCIÓN, ETC.
Lugar de publicación, distribución, etc. Pinerolo :
Nombre del editor, distribuidor, etc. [s.n.,
Fecha de publicación, distribución, etc. 1909]
852 ## - LOCALIZACIÓN
Ubicación ES-MaACL
Número de control de estantería T-1193-F-2
Holdings
Estatus retirado Estado de pérdida Estado de daño No para préstamo Colección Biblioteca de origen Biblioteca actual Ubicación en estantería Fecha de adquisición Fuente de adquisición Total de préstamos Signatura topográfica completa Código de barras Visto por última vez Precio de reemplazo Tipo de ítem Koha
        Colección de folletos Biblioteca del Ateneo de Madrid Biblioteca del Ateneo de Madrid Depósito folletos 17/01/2008     T-1193-F-2 1075893 23/02/2023 23/02/2023 Folleto